| 000 | 01501nam a2200289Ia 4500 | ||
|---|---|---|---|
| 001 | 2142 | ||
| 008 | 230305s1999 xx 000 0 und d | ||
| 020 | _a8436027577089 | ||
| 043 | _aen_UK | ||
| 041 | _aspa | ||
| 245 | 0 | _aTodo sobre mi madre | |
| 260 |
_a _bCameo, _c1999 |
||
| 300 | _a1 disco DVD | ||
| 505 | _aExtras: ficha artística y ficha técnica. | ||
| 520 | _aLa noche que un coche atropelló a su hijo Esteban, Manuela lloró hasta quedar totalmente seca. Y lejos de ver con claridad, el presente y el futuro se confunden en la misma oscuridad. Esa misma noche, mientras espera en el hospital, lee las últimas líneas que su hijo ha escrito en un block de notas del que nunca se separa. 'Esta mañana busqué en la habitación de mi madre hasta encontrar un fajo de fotos. A todas les faltaba la mitad. Mi padre, supongo. Tengo la impresión de que a mi vida le falta ese mismo trozo. Quiero conocerle, no me importa quién sea, ni cómo se haya portado con mamá. Nadie puede quitarme ese derecho...'. | ||
| 590 | _bIdiomas disponibles: inglés, castellano y alemán. Subtítulos disponibles en castellano para sordos | ||
| 650 | 0 |
_aFeature films _926078 |
|
| 700 |
_aAlmodóvar, Pedro, _eAuthor _921803 |
||
| 856 | _uhttps://www.imdb.com/title/tt0185125/?ref_=fn_al_tt_1 | ||
| 902 | _a178 | ||
| 905 | _am | ||
| 911 | _ahttps://biblioteca.tbs-education.es/portadas/8436027577089.jpg | ||
| 912 | _a1999-01-01 | ||
| 942 | _a1 | ||
| 953 | _d2018-04-26 14:56:08 | ||
| 999 |
_c2082 _d2082 |
||